Účtovné súvzťažnosti od A do Z základné dielo

Salvato in:
Dettagli Bibliografici
Autore principale: Silná, Renáta, 1981-
Altri autori: Pakšiová, Renáta, 1974-, Dubielová, Veronika
Natura: Libro
Lingua:slovacco
Pubblicazione: Bratislava Verlag Dashöfer 2012
Soggetti:
Tags: Aggiungi Tag
Nessun Tag, puoi essere il primo ad aggiungerne!!

MARC

LEADER 00000nam$a2200000$$$4500
001 0158502
005 20240502072748.1
022 |a 1335-5430 
041 0 |a slo 
044 |a SK 
245 1 0 |a Účtovné súvzťažnosti od A do Z  |b základné dielo  |c Renáta Silná, Renáta Pakšiová, Veronika Dubielová 
264 1 |a Bratislava  |b Verlag Dashöfer  |c 2012 
300 |a [134] s. [3,361 AH]  |e 3 príl. 
610 2 0 |a účtovníctvo 
610 2 0 |a účtovníctvo podvojné 
610 2 0 |a dane 
610 2 0 |a kontrola daňová 
610 2 0 |a výrobky 
610 2 0 |a dane priame 
610 2 0 |a záväzky 
610 2 0 |a imanie vlastné 
610 2 0 |a účty finančné 
610 2 0 |a preddavky 
610 2 0 |a lízing 
610 2 0 |a tržby 
100 1 |a Silná, Renáta, 1981- 
700 1 |a Pakšiová, Renáta, 1974- 
700 1 |a Dubielová, Veronika